| 000 | 00395nam a22001457a 4500 | ||
|---|---|---|---|
| 003 | macl | ||
| 005 | 20200707132019.0 | ||
| 008 | 200707b xxu||||| |||| 00| 0 eng d | ||
| 040 | _cmacl | ||
| 100 |
_amishra, Prakhar _978871 |
||
| 245 | _adiverdity , Inequality and Marginalization Indian Society | ||
| 260 |
_aDelhi _bAradhana pub _c2018 |
||
| 650 |
_aSocial Science _978872 |
||
| 942 |
_2ddc _cBK |
||
| 999 |
_c62571 _d62571 |
||